20 najbiedniejszych państw świata - Statystyki

Ogólne statystyki
  • Ten quiz został rozwiązany 241 razy
    233 od ostatniego zresetowania
  • Średni wynik to 10 z 20
Statystyki odpowiedzi
Miejsce PKB na osobę Państwo % Poprawnych
3. $ 925 Somalia
80%
7. $ 1,259 Niger
79%
6. $ 1,106 Demokratyczna Republika Konga
74%
11. $ 1,611 Czad
70%
2. $ 791 Sudan Południowy
66%
13. $ 1,821 Erytrea
57%
4. $ 979 Republika Środkowoafrykańska
57%
1. $ 760 Burundi
56%
10. $ 1,599 Madagaskar
53%
19. $ 2,337 Rwanda
52%
15. $ 2,199 Afganistan
50%
18. $ 2,276 Gambia
46%
14. $ 1,927 Jemen
43%
8. $ 1,277 Mozambik
43%
12. $ 1,725 Sierra Leone
43%
20. $ 2,348 Gwinea Bissau
40%
9. $ 1,557 Liberia
39%
17. $ 2,262 Burkina Faso
38%
5. $ 993 Malawi
38%
16. $ 2,200 Kiribati
10%
Nie znaleziono quizów pasujących do podanych kryteriów
Rozkład punktacji
Procent ludzi z każdym wynikiem
Percentyl według liczby udzielonych odpowiedzi
Twoja historia wyników
Nie rozwiązałeś tego quizu od ostatniego zresetowania